Statistiken für Flüsse in verschiedenen Sprachen

Klicken Sie hier um das Quiz zu spielen!

Allgemein

  • Dieses Quiz wurde 58 mal gespielt
    (54 seit der letzten Aktualisierung)
  • Das Durchschnittsergebnis liegt bei 20 aus 56

Antwortstatistiken

Antwort% Korrekt
NilFranzösischNil
98%
NilPolnischNil
98%
RheinFranzösischRhin
88%
Tiber
86%
TiberFinnischTiber
86%
TiberSpanischTíber
86%
TiberEnglischTiber
86%
NilEnglischNile
82%
SeineEnglischSeine
82%
SeineFinnischSeine
82%
SeineFranzösischSeine
82%
DonauFranzösischDanube
78%
RheinEnglischRhine
78%
DonauEnglischDanube
76%
ThemseFinnischThames
64%
ThemseEnglischThames
64%
NilSpanischNilo
54%
NilItalienischNilo
54%
RheinPolnischRen
52%
RheinSpanischRin
52%
MoskwaPolnischMoskwa
44%
TiberFranzösischTibre
40%
MoskwaEnglischMoskva
36%
MoldauSpanischMoldava
26%
MoldauItalienischMoldava
26%
RheinFinnischRein
24%
WeichselSpanischVistula
22%
WeichselEnglischVistula
22%
WeichselPolnischWisła
18%
Tevere
12%
TiberItalienischTevere
12%
DonauSpanischDanubio
10%
DonauItalienischDanubio
10%
NilFinnischNiili
10%
SeineSpanischSena
10%
SeineItalienischSenna
10%
MoldauFranzösischVltava
10%
MoldauFinnischVltava
10%
MoldauEnglischVltava
10%
RheinItalienischReno
8%
WeichselFranzösischVistule
8%
MoskwaFranzösischLa Moskova
6%
MoskwaFinnischMoskova
6%
ThemseFranzösischTamise
6%
TiberPolnischTyber
6%
WeichselItalienischVistola
6%
DonauFinnischTonava
4%
WeichselFinnischVeiksel
4%
DonauPolnischDunaj
2%
MoskwaSpanischMoscova
2%
MoskwaItalienischMoscòva
2%
ThemseSpanischTámesis
2%
ThemseItalienischTamigi
2%
SeinePolnischSekwana
0%
ThemsePolnischTamiza
0%
MoldauPolnischWełtawa
0%

Verteilung der Resultate

Perzentil nach korrekt beantworteten Fragen

Anzahl Personen mit jedem Resultat

Ihre Resultats-Entwicklung

Sie haben dieses Quiz seit der letzten Aktualisierung nicht gespielt